LEADER 01168naa a2200277 u 4500 001 000000094013 003 CaOOAMICUS 005 20070226130136.0 008 010724s1987 fr u000 u eng u 035 $a10898361 040 $aPUL(R)$bita 100 1 $aEvensen, Jens.$0(OLS)http://pul/name/60267 245 10$aWorking methods and procedures in the third United Nations Conference on the law of sea /$cby Jens Evensen. 260 $a[S. l. :$bs. n.],$c1987. 300 $aP. [415-519] 504 $aBibliografia in nota. 610 24$aUnited Nations.$0(OLS)http://pul/subject/28654 650 4$aDiritto marittimo.$0(OLS)http://pul/subject/2922 773 0 $tRecueil des cours$gv.IV (1986) 773 0 $tRecueil des cours 1986 : collected courses of The Hague Academy of International Law$w()60475 960 $aUnited Nations Organisation$928654 960 $aNazioni Unite$928654 960 $aOrganizzazione delle Nazioni Unite$928654 960 $aONU$928654 996 $6245$aWorking methods and procedures in the third United Nations Conference on the law of sea$9(OLS)http://pul/title/120870 996 $6260$a[S. l. :$bs. n.]$9(OLS)http://pul/publisher/47882 LEADER 01360nam a2200265 a 4500 001 000000116269 003 CaOOAMICUS 005 20090617122702.0 008 090617s2009 it 000 0 ita r 020 $z978-88-343-1828-7* 040 $aPUL$bita$dLDB 100 1 $aPalpacelli, Lucia.$0(OLS)http://pul/name/72223 245 13$aL'"Eutidemo" di Platone :$buna commedia straordinariamente seria /$cLucia Palpacelli ; prefazione di Michel Erler ; presentazione di Maurizio Migliori. 260 $aMilano :$bVita e pensiero,$cc2009. 300 $a355 p. ;$c22 cm 490 1 $aTemi metafisici e problemi del pensiero antico.$aStudi e testi ;$v115 504 $aBibliografia: p. [331]-338. 600 04$aPlato,$d427-347 a.C.$tEuthydemus$xCritica e interpretazione.$0(OLS)http://pul/subject/35506 830 0$aTemi metafisici e problemi del pensiero antico.$pStudi e testi ;$v115.$0(OLS)http://pul/title/98294 850 $aPUL 852 $aPUL$W1$xSL Filosofia 2$y80$mPhil A10b 115$j133230$qStampati Altre Collocazioni$B132256$CPULBib$Z2$F132256 $H110888 $82 941 1 $a10 996 $6020$z978-88-343-1828-7*$9(OLS)http://pul/number/141178 996 $6245$aL'"Eutidemo" di Platone :$buna commedia straordinariamente seria$9(OLS)http://pul/title/146115 996 $6260$aMilano :$bVita e pensiero$9(OLS)http://pul/publisher/48016